000 00400nam a2200145Ia 4500
999 _c31627
_d31627
003 OSt
005 20250630162511.0
008 250310s9999||||xx |||||||||||||| ||und||
040 _c.
082 _a600.03
_bB8724
100 _96060
_aBrooker, B E
245 0 _aEncyclopedia of technology and applied sciences vol 3 /
_cB E Brooker
260 _aNew York :
_bMarshall Cavendish,
_c2000.
942 _cBK
_2ddc